000 00766nam a2200229 a 4500
001 44858
003 BD-RjUL
005 20211209053928.0
008 160720s1968 bg ||||| |||| 00| p ben d
020 _c: Tk. 2.00
035 _a(BD-RjUL)44976
040 _aBD-RjUL
_bben
_cBD-RjUL
041 _aben
082 _223
_a891.441
_bSAA 1968
100 _aসালাউদদীন, কে, এম
_9137457
245 1 0 _aএ দেশ এ মাটি /
_cকে, এম, সালাউদদীন
260 _aঢাকা :
_bশাহান আরা সালাউদদীন,
_c১৯৬৮
300 _a৬৪ পৃ. ;
_c১৯ সেমি.
650 _aবাংলা কবিতা
_9137458
650 _aBengali Poetry
_9137459
942 _2ddc
_cBK
999 _c44858
_d44858